00298 a2200109 450000500170000002000220001708200160003910000190005524500500007426000350012430000290015920250704061650.0 a978-1-84858-899-8 a823.914 MOY aMOYES,Patricia aWho saw Her Die: An Inspector Tibbett Mystery aunited KingdombArcturusc2012 a256p.;ill,picturec20cm.